000 00409cam a2200157ua 4500
041 _aeng
_h
082 _a030
_bGOE/NE
100 _aGoetz, Philip W .
245 _aNew Encyclopaedia britannica vol-24 /
_cPhilip W Goetz.
_hTextual Documents
250 _a15 /
_b.
260 _aChicago :
_bEncyclopaedia Britannica INC ,
_c1985.
300 _a1040 ; .
504 _a
942 _cBK
999 _c5623
_d5623